|
|
|
|
| LEADER |
00000nam0a2200000 4500 |
| 001 |
274294 |
| 005 |
20231031230257.0 |
| 035 |
|
|
|a (RuTPU)RU\TPU\book\297504
|
| 090 |
|
|
|a 274294
|
| 100 |
|
|
|a 20141101d1983 k y0rusy50 ca
|
| 101 |
0 |
|
|a rus
|
| 102 |
|
|
|a RU
|
| 105 |
|
|
|a a z 001zy
|
| 200 |
1 |
|
|a Моделирование характеристик центробежных компрессов
|f Н. Н. Бухарин
|
| 210 |
|
|
|a Ленинград
|c Машиностроение
|d 1983
|
| 215 |
|
|
|a 214 с.
|c ил.
|
| 320 |
|
|
|a Библиогр.: с. 210-212
|
| 606 |
1 |
|
|a Компрессоры центробежные
|2 stltpush
|3 (RuTPU)RU\TPU\subj\15151
|
| 610 |
1 |
|
|a моделирование
|
| 610 |
1 |
|
|a процессы
|
| 610 |
1 |
|
|a характеристики
|
| 610 |
1 |
|
|a компрессорные машины
|
| 610 |
1 |
|
|a параметры
|
| 610 |
1 |
|
|a газодинамические характеристики
|
| 675 |
|
|
|a 621.515
|v 4
|
| 700 |
|
1 |
|a Бухарин
|b Н. Н.
|g Николай Николаевич
|
| 801 |
|
1 |
|a RU
|b 63413507
|c 20141101
|
| 801 |
|
2 |
|a RU
|b 63413507
|c 20170323
|g RCR
|
| 942 |
|
|
|c BK
|